00733nam a2200193Ia 4500008004100000020001800041041000800059082002100067100002400088245009800112250001200210260001600222300000800238365001700246700002400263906005400287999001900341952017900360230718s9999 xx 000 0 und d a9781788621199 aeng a005.13'3074bTAT aTattar P.N.9201017 aStatistical Application Development With R And PythonbPower Of Statistics Using R And Python a2nd ed. c2017bPackt a405 cRs.b1199.00 aTattar P.N.9201017 dO:0604319-Aug-2018B:IN27618-Jul-2018cCOMPb239.8 c348175d348175 00104070aCCEPbCCEPd2018-08-19ePradeep Book DistributorsfCOMPg959.20iIN276l0o005.13'3074pCCEP-BK-59382r2023-07-18 00:00:00t239.8v1199.00w2018-07-18yBKz059382